[Event "Berdsk Maestro op 16th"]
[Site "Berdsk"]
[Date "2010.07.16"]
[Round "9"]
[White "Egitov, Alexey"]
[Black "Gubarev, Vsevolod"]
[Result "1-0"]
[WhiteElo "2021"]
[BlackElo "2199"]
[PlyCount "71"]
[EventDate "2010.07.08"]
[EventType "swiss"]
[EventRounds "9"]
[EventCountry "RUS"]
[SourceTitle "EXT 2011"]
[Source "ChessBase"]
[SourceDate "2010.11.26"]
[SourceVersion "1"]
[SourceVersionDate "2010.11.26"]
[SourceQuality "1"]

1. e4 c5 2. Nf3 g6 3. d4 Bg7 4. c4 Qa5+ 5. Nc3 d6 6. Be3 Nf6 7. Qd2 cxd4 8. Nxd4 Nc6 9. Be2 0-0 10. 0-0 Ng4 11. Bxg4 Bxg4 12. Rac1 Rfe8 13. f3 Bd7 14. Rfd1 Ne5 15. b3 Nc6 16. Nde2 Rac8 17. Nf4 Be6 18. Nfd5 Bxd5 19. Nxd5 Qxd2 20. Rxd2 b6 21. Kf2 Kf8 22. Rdc2 e6 23. Nc3 Bxc3 24. Rxc3 Ke7 25. Rd1 Na5 26. Rcd3 Nb7 27. e5 Rc6 28. Bf4 Rec8 29. exd6+ Kd7 30. Be5 Rc5 31. f4 R8c6 32. g4 g5 33. Kf3 gxf4 34. Kxf4 Ra5 35. R1d2 Nd8 36. Bc3 1-0

[Event "Berdsk Maestro op 16th"]
[Site "Berdsk"]
[Date "2010.07.14"]
[Round "7"]
[White "Gubarev, Vsevolod"]
[Black "Ruzanov, Alexander"]
[Result "1-0"]
[WhiteElo "2199"]
[BlackElo "2078"]
[PlyCount "67"]
[EventDate "2010.07.08"]
[EventType "swiss"]
[EventRounds "9"]
[EventCountry "RUS"]
[SourceTitle "EXT 2011"]
[Source "ChessBase"]
[SourceDate "2010.11.26"]
[SourceVersion "1"]
[SourceVersionDate "2010.11.26"]
[SourceQuality "1"]

1. e4 d6 2. d4 g6 3. Be3 Bg7 4. Nc3 e6 5. Qd2 b6 6. 0-0-0 h6 7. Nge2 Ne7 8. f3 Nd7 9. g4 Bb7 10. Ng3 a6 11. Rg1 d5 12. f4 c5 13. Bg2 c4 14. f5 b5 15. fxe6 fxe6 16. exd5 exd5 17. Bf4 b4 18. Nb1 Qb6 19. Rge1 Bf8 20. g5 h5 21. Bh3 h4 22. Nf1 0-0-0 23. Re6 Bc6 24. Bd6 Nf5 25. Bxf5 gxf5 26. Ne3 Bxd6 27. Rxd6 Qb5 28. Nxf5 Bb7 29. Qf4 Rhf8 30. g6 b3 31. axb3 cxb3 32. Na3 Qb4 33. Re6 Nb6 34. g7 1-0

[Event "Berdsk Maestro op 16th"]
[Site "Berdsk"]
[Date "2010.07.10"]
[Round "3"]
[White "Gubarev, Vsevolod"]
[Black "Tsepennikov, Arseniy"]
[Result "1-0"]
[WhiteElo "2199"]
[BlackElo "2050"]
[PlyCount "85"]
[EventDate "2010.07.08"]
[EventType "swiss"]
[EventRounds "9"]
[EventCountry "RUS"]
[SourceTitle "EXT 2011"]
[Source "ChessBase"]
[SourceDate "2010.11.26"]
[SourceVersion "1"]
[SourceVersionDate "2010.11.26"]
[SourceQuality "1"]

1. e4 c6 2. d4 d5 3. Nc3 dxe4 4. Nxe4 Nd7 5. Qe2 Qc7 6. Nf3 Ngf6 7. Nxf6+ Nxf6 8. Ne5 Bf5 9. Bf4 Qa5+ 10. c3 e6 11. g4 Be4 12. f3 Bd5 13. Bd2 Qb6 14. c4 Qxb2 15. Rd1 Qxd4 16. cxd5 Nxd5 17. Qe4 Bc5 18. Qxd4 Bxd4 19. Nc4 0-0-0 20. Bd3 Nc3 21. Bxc3 Bxc3+ 22. Ke2 h5 23. g5 g6 24. Rb1 Rd5 25. Rb3 Bd4 26. Rhb1 b6 27. Be4 Rxg5 28. Nd6+ Kc7 29. Nxf7 Rg2+ 30. Kd3 Rf8 31. Kxd4 Rxf7 32. R3b2 Rg5 33. Rc2 c5+ 34. Ke3 Kd6 35. Rbb2 Ke5 36. Rg2 Rxg2 37. Rxg2 Kf6 38. Rxg6+ Ke7 39. Rh6 Rg7 40. Rh7 Kf6 41. Rxg7 Kxg7 42. Bd3 Kf6 43. Kf4 1-0

[Event "RUS-ch U16"]
[Site "Dagomys"]
[Date "2004.04.??"]
[Round "?"]
[White "Frolov, Ivan"]
[Black "Gubarev, Vsevolod"]
[Result "1-0"]
[WhiteElo "2123"]
[BlackElo "2187"]
[PlyCount "62"]
[EventDate "2004.04.??"]
[EventType "swiss"]
[EventRounds "10"]
[EventCountry "RUS"]
[SourceTitle "EXT 2005"]
[Source "ChessBase"]
[SourceDate "2004.11.15"]
[SourceVersion "1"]
[SourceVersionDate "2004.11.15"]
[SourceQuality "1"]

1. e4 c5 2. Nf3 d6 3. c3 Nf6 4. Be2 Nbd7 5. d3 b6 6. h3 Bb7 7. 0-0 e6 8. Bf4 Be7 9. Nbd2 0-0 10. Re1 Re8 11. Bf1 Bf8 12. a4 Rc8 13. Qb3 Bc6 14. Bh2 Qc7 15. d4 Qb7 16. Bb5 a6 17. Bxc6 Qxc6 18. Rad1 cxd4 19. Nxd4 Qb7 20. Qc2 e5 21. Nf5 d5 22. exd5 Nxd5 23. Ne4 Qc6 24. Qd3 N7f6 25. Nxf6+ Nxf6 26. Bxe5 Rcd8 27. Qxd8 Rxd8 28. Rxd8 Qe6 29. Rxf8+ Kxf8 30. Bd6+ Ke8 31. Rxe6+ fxe6 1-0

[Event "RUS-ch U16"]
[Site "Dagomys"]
[Date "2004.04.??"]
[Round "?"]
[White "Gubarev, Vsevolod"]
[Black "Badmatsyrenov, Alexander"]
[Result "1-0"]
[WhiteElo "2187"]
[BlackElo "2244"]
[PlyCount "47"]
[EventDate "2004.04.??"]
[EventType "swiss"]
[EventRounds "10"]
[EventCountry "RUS"]
[SourceTitle "EXT 2005"]
[Source "ChessBase"]
[SourceDate "2004.11.15"]
[SourceVersion "1"]
[SourceVersionDate "2004.11.15"]
[SourceQuality "1"]

1. e4 c5 2. Nf3 Nc6 3. d4 cxd4 4. Nxd4 Nf6 5. Nc3 e5 6. Ndb5 d6 7. Bg5 a6 8. Na3 b5 9. Bxf6 gxf6 10. Nd5 f5 11. c3 Bg7 12. exf5 Bxf5 13. Nc2 Be6 14. Nce3 0-0 15. Bd3 f5 16. Qh5 e4 17. Bc2 Ra7 18. 0-0 Be5 19. f4 exf3 20. Rxf3 f4 21. Raf1 Qe8 22. Qh6 Rg7 23. Nxf4 Rf6 24. Nxe6 1-0

[Event "RUS-ch U16"]
[Site "Dagomys"]
[Date "2004.04.??"]
[Round "?"]
[White "Gubarev, Vsevolod"]
[Black "Chadaev, Nikolay"]
[Result "1/2-1/2"]
[WhiteElo "2187"]
[BlackElo "2370"]
[PlyCount "43"]
[EventDate "2004.04.??"]
[EventType "swiss"]
[EventRounds "10"]
[EventCountry "RUS"]
[SourceTitle "EXT 2005"]
[Source "ChessBase"]
[SourceDate "2004.11.15"]
[SourceVersion "1"]
[SourceVersionDate "2004.11.15"]
[SourceQuality "1"]

1. e4 g6 2. d4 Bg7 3. Nc3 a6 4. Be3 d6 5. f4 b5 6. Be2 Bb7 7. Bf3 Nd7 8. e5 Qc8 9. Nh3 Nh6 10. Qe2 0-0 11. 0-0-0 Nb6 12. Kb1 Nc4 13. Bc1 Re8 14. Nf2 c5 15. b3 Bxf3 16. Qxf3 Nb6 17. dxc5 dxc5 18. Nce4 Qc7 19. h4 Rad8 20. h5 c4 21. hxg6 hxg6 22. Bb2 1/2-1/2

[Event "RUS-ch U16"]
[Site "Dagomys"]
[Date "2004.04.??"]
[Round "?"]
[White "Gubarev, Vsevolod"]
[Black "Zacurdajev, Dmitry"]
[Result "1/2-1/2"]
[WhiteElo "2187"]
[BlackElo "2175"]
[PlyCount "55"]
[EventDate "2004.04.??"]
[EventType "swiss"]
[EventRounds "10"]
[EventCountry "RUS"]
[SourceTitle "EXT 2005"]
[Source "ChessBase"]
[SourceDate "2004.11.15"]
[SourceVersion "1"]
[SourceVersionDate "2004.11.15"]
[SourceQuality "1"]

1. e4 c5 2. Nf3 Nc6 3. d4 cxd4 4. Nxd4 g6 5. c4 Bg7 6. Be3 Nf6 7. Nc3 Ng4 8. Qxg4 Nxd4 9. Qd1 Ne6 10. Rc1 Qa5 11. Qd2 b6 12. Be2 Bb7 13. f3 f5 14. exf5 gxf5 15. 0-0 Rg8 16. Rfd1 Bc6 17. Rc2 f4 18. Bf2 Qh5 19. Nd5 Be5 20. Kh1 Rg6 21. Bf1 Kf7 22. Re1 Rag8 23. Re4 Bd6 24. Rc1 Ng5 25. Rxf4+ Bxf4 26. Qxf4+ Ke8 27. Qb8+ Kf7 28. Qf4+ 1/2-1/2

[Event "RUS-ch U16"]
[Site "Dagomys"]
[Date "2004.04.??"]
[Round "?"]
[White "Nagimov, Artiom"]
[Black "Gubarev, Vsevolod"]
[Result "1/2-1/2"]
[WhiteElo "2344"]
[BlackElo "2187"]
[PlyCount "42"]
[EventDate "2004.04.??"]
[EventType "swiss"]
[EventRounds "10"]
[EventCountry "RUS"]
[SourceTitle "EXT 2005"]
[Source "ChessBase"]
[SourceDate "2004.11.15"]
[SourceVersion "1"]
[SourceVersionDate "2004.11.15"]
[SourceQuality "1"]

1. d4 d5 2. c4 c6 3. Nc3 Nf6 4. e3 a6 5. Bd2 b5 6. cxd5 cxd5 7. Nf3 Nc6 8. Rc1 Bb7 9. a4 b4 10. Na2 e6 11. Qb3 Na5 12. Qd1 Nc6 13. Qb3 Ne4 14. Bd3 Bd6 15. 0-0 0-0 16. Qd1 Qe7 17. Ra1 e5 18. Be1 exd4 19. Nxd4 Nxd4 20. exd4 Ng5 21. Nc1 Qf6 1/2-1/2